Представление документа в формате RUSMARC

ПолеНазваниеЗначение
  Тип записи c
  Библиографический уровень c
001 Контрольный номер RU/IS/BASE/439377051
005 Дата корректировки 20240410112242.8
010 Индекс ISBN __
d Цена 115-50
101 Язык документа 0_
a Язык текста rus
200 Заглавие и сведения об ответственности 1_
a Заглавие Классики - детям
e Сведения, относящиеся к заглавию пьесы для учащихся сред. кл. ДМШ и ДШИ : фортепиано
f Первые сведения об ответственности сост. А. Веселова
b Общее обозначение материала Ноты
210 Выходные данные __
a Место издания Санкт-Петербург
c Издательство Союз художников
d Дата издания 2011
215 Физическое описание __
a Объем 26 с.
d Формат 29
225 Серия __
a Серия Учебно-педагогический репертуар
327 Примечание о содержании __
a Примечание о содержании 6 легких вариаций / Л. Бетховен
327 Примечание о содержании __
a Примечание о содержании Вариации / Ф. Кулау
327 Примечание о содержании __
a Примечание о содержании Гавот / К. Рейнеке
327 Примечание о содержании __
a Примечание о содержании Воспоминания юности / Г. Рейнгольд
327 Примечание о содержании __
a Примечание о содержании Прощальный вальс / М. Глинка
327 Примечание о содержании __
a Примечание о содержании Канон / А. Лядов
327 Примечание о содержании __
a Примечание о содержании Миниатюра / А. Глазунов
327 Примечание о содержании __
a Примечание о содержании Маленький гавот / А. Глазунов
327 Примечание о содержании __
a Примечание о содержании Прелюдия : соч. 35, № 2, 3 / А. Скрябин
333 Примечание о целевом назначении __
a Примечание о целевом назначении 0+
606 Тематические рубрики __
a Основная рубрика Музыка и зрелищные искусства
606 Тематические рубрики __
a Основная рубрика Инструментальная музыка
610 Ключевые слова __
a Ключевые слова фортепианная музыка; музыкальные произведения; пианино; инструментальные произведения; фортепианные произведения; инструментальные пьесы; фортепианные пьесы; фортепиано; музыкальные пьесы; детская музыка
686 Индексы других классификаций __
a Классификационный индекс 85.954.2; ст85.954.2
702 Вторичная интеллектуальная ответственность _1
a Фамилия Веселова
b Имя А.
4 Код отношения Составитель
4 Код отношения 220
702 Вторичная интеллектуальная ответственность _1
a Фамилия Бетховен
b Имя Л.
4 Код отношения Композитор
4 Код отношения 230
702 Вторичная интеллектуальная ответственность _1
a Фамилия Кулау
b Имя Ф.
4 Код отношения Композитор
4 Код отношения 230
702 Вторичная интеллектуальная ответственность _1
a Фамилия Рейнгольд
b Имя Г.
4 Код отношения Композитор
4 Код отношения 230
702 Вторичная интеллектуальная ответственность _1
a Фамилия Глинка
b Имя М.
4 Код отношения Композитор
4 Код отношения 230
702 Вторичная интеллектуальная ответственность _1
a Фамилия Лядов
b Имя А.
4 Код отношения Композитор
4 Код отношения 230
702 Вторичная интеллектуальная ответственность _1
a Фамилия Глазунов
b Имя А.
4 Код отношения Композитор
4 Код отношения 230
702 Вторичная интеллектуальная ответственность _1
a Фамилия Скрябин
b Имя А.
4 Код отношения Композитор
4 Код отношения 230
801 Источник записи _0
a Страна RU
b Организация Муниципальное бюджетное учреждение культуры "Централизованная библиотечная система" г. Сургут (Центральная городская библиотека им. А. С. Пушкина)
g Правила каталогизации КиК/Котельникова
801 Источник записи _1
a Страна RU
b Организация Муниципальное бюджетное учреждение культуры "Централизованная библиотечная система" г. Сургут (Центральная городская библиотека им. А. С. Пушкина)
g Правила каталогизации КиК/Котельникова
852 Данные о местонахождении __
j Шифр хранения 85.954.2
i Авторский знак К 47
901 Тип документа __
t Тип документа x
903 Характеристики (МАРС) __
a Дата передачи 20131202
969 Тип издания __
a Тип издания нотное издание
990 Данные о заказе (DOS) __
j Количество экземпляров (DOS) 4
t N записи в КСУ для И/У (DOS) 201311